| 000 | 01267nam a22003257a 4500 | ||
|---|---|---|---|
| 999 |
_c29524 _d29495 |
||
| 003 | EG-ScBUE | ||
| 005 | 20211003101955.0 | ||
| 008 | 210928s2005 ua a f 000 0 ara d | ||
| 017 | _a2005/2337 | ||
| 020 | _a977091195X | ||
| 040 |
_aEG-ScBUE _bara _erda _cEG-ScBUE _dEG-ScBUE |
||
| 041 | 1 |
_aara _heng |
|
| 082 | 0 | 4 |
_a291.38 _bك ر ا _222 |
| 100 | 1 |
_aكراج، كينث، _eمؤلف. |
|
| 245 | 1 | 0 |
_aأدعية مسيحية وإسلامية / _cجمعها الأسقف كينث كراج ؛ نقلها إلى العربية حبيب سعيد. |
| 250 | _aالطبعة الثانية. | ||
| 264 | 1 |
_aالقاهرة : _bمكتبة الشروق الدولية، _c2005. |
|
| 300 |
_a119 صفحة : _bإيضاحيات ؛ _c24 سم |
||
| 336 |
_2rdacontent _aنص _btxt |
||
| 337 |
_2rdamedia _aبدون وسيط _bn |
||
| 338 |
_2rdacarrier _aمجلد _bnc |
||
| 541 | _cDonation. | ||
| 546 | _aالنص باللغة العربية وتم ترجمته من اللغة الإنجليزية. | ||
| 650 | 7 |
_aالإسلام والمسيحية. _2BUEsh |
|
| 650 | 7 |
_aالديانات المقارنة. _2BUEsh |
|
| 653 | 7 |
_aBUEsh _bGGEN _cSeptember2021 |
|
| 655 | 7 |
_2BUEsh _vReading book _934232 |
|
| 700 | 1 |
_aسعيد، حبيب، _eمترجم. |
|
| 942 | _2ddc | ||